书目信息 |
| 题名: |
五声调式与音乐治疗
|
|
| 作者: | 丁珺 著 | |
| 分册: | ||
| 出版信息: | 北京 北京工业大学出版社 2021.5 |
|
| 页数: | 153页 | |
| 开本: | 23cm | |
| 丛书名: | ||
| 单 册: | ||
| 中图分类: | J613.6 | |
| 科图分类: | ||
| 主题词: | 五声调式--音乐疗法--研究 | |
| 电子资源: | ||
| ISBN: | 978-7-5639-6022-4 | |
| 000 | 00901nam0 2200241 45 | |
| 001 | 012001001243 | |
| 005 | 20130911082126.0 | |
| 010 | @a978-7-5639-6022-4@dCNY45.00 | |
| 100 | @a20200928d2018 em y0chiy0110 ea | |
| 101 | 0 | @achi |
| 102 | @aCN@b110000 | |
| 105 | @ay z 000yy | |
| 106 | @ar | |
| 200 | 1 | @a五声调式与音乐治疗@Awu sheng diao shi yu yin yue zhi liao@f丁珺著 |
| 210 | @a北京@c北京工业大学出版社@d2021.5 | |
| 215 | @a153页@d23cm | |
| 300 | @a山东省社会科学规划研究项目,项目名称:古诗词歌曲在音乐治疗学中的运用研究 | |
| 330 | @a本书共六章,内容包括:五声调式与民间多声部音乐和声的特征表现、以五声调式为主的五声性调式的转调方式分析、音乐治疗的分析、音乐治疗中五声调式的阴阳属性及相关疗法的应用等。 | |
| 606 | 0 | @a五声调式@x音乐疗法@x研究 |
| 690 | @aJ613.6@v5 | |
| 701 | 0 | @a丁珺@Ading jun@c(音乐教学)@4著 |
| 801 | @aCN@b江苏凤凰@c20211018 | |
| 905 | @b1342746-9@dJ613.6@e1306@f4 | |
| 五声调式与音乐治疗/丁珺著.-北京:北京工业大学出版社,2021.5 |
| 153页;23cm |
| 山东省社会科学规划研究项目,项目名称:古诗词歌曲在音乐治疗学中的运用研究 |
| ISBN 978-7-5639-6022-4:CNY45.00 |
| 本书共六章,内容包括:五声调式与民间多声部音乐和声的特征表现、以五声调式为主的五声性调式的转调方式分析、音乐治疗的分析、音乐治疗中五声调式的阴阳属性及相关疗法的应用等。 |
| ● |
| 相关链接 |
|
|
|
|
正题名:五声调式与音乐治疗
索取号:J613.6/1306
 
预约/预借
| 序号 | 登录号 | 条形码 | 馆藏地/架位号 | 状态 | 备注 |
| 1 | 1342746 | 213427460 | 第一样本阅览室/ [索取号:J613.6/1306] | 在馆 | |
| 2 | 1342747 | 213427479 | 第一借阅区/ [索取号:J613.6/1306] | 在馆 | |
| 3 | 1342748 | 213427488 | 第一借阅区/ [索取号:J613.6/1306] | 在馆 | |
| 4 | 1342749 | 213427497 | 第一借阅区/ [索取号:J613.6/1306] | 在馆 |